000
00295nam a22001337a 4500
003
SGT
082
_a
618.92
_b
C04C
100
_a
CHANG, CATHERINE M.
245
_a
CHILDREN'S LITERARY DEVELOPMENT
260
_a
LONDON
_b
ARNALD
_c
2004
300
_a
202
650
_a
DEVELOPMENT
942
_2
ddc
_c
BK
999
_c
10467
_d
10467